000 00749cam a2200181 4500
001 WB3538-02
008 000000n1999 000 0 eng u
035 _a(Sirsi) u102794
245 _aBest value proposals.
260 _c1999
490 _aNew Civil Engineer
_v23 September 1999, 4(1)
520 _aIndustry commentators have claimed that the government's best value proposals, to be implemented next year, could make local authority contracts less attractive to private sector firms, since they require councils to assess bids in the light of factors such as training levels and equal opportunities.
650 _aContracts
_96232
650 _aLOCAL AUTHORITIES
650 _aProcurement-old
690 _aBUILT ENVIRONMENT
942 _n0
999 _c61769
_d61769